| 000 | 02295nam a22003617a 4500 | ||
|---|---|---|---|
| 001 | 100682 | ||
| 003 | KnowledgeUnlatched | ||
| 005 | 20210303105323.0 | ||
| 006 | m o d | ||
| 007 | cr u|||||||||| | ||
| 008 | 210129p20172018xxk o u00| u eng d | ||
| 035 | _a(OCoLC)1013964394 | ||
| 037 | _5BiblioBoard | ||
| 245 | 0 | 0 |
_aMigration of the Ukrainian Population _bEconomic, Institutional and Sociocultural Factors / _cYuriy Bilan. |
| 020 | _a9781909188969 | ||
| 029 | 1 | _ahttps://library.biblioboard.com/ext/api/media/826bbf8f-9f97-4ce4-ae06-f924beef3b9f/assets/thumbnail.jpg | |
| 040 |
_aScCtBLL _cScCtBLL |
||
| 100 | 1 |
_aBilan, Yuriy _eauthor. |
|
| 264 | 1 | _bUbiquity Press, | |
| 300 | _a1 online resource (320 p.) | ||
| 506 | 0 |
_aAccess copy available to the general public. _fUnrestricted _2star |
|
| 520 | _aUkraine is a "border" society, situated culturally and socio-politically between Eurasian and Euro-Atlantic poles of attraction. The influence of these two distinct cultures can be seen throughout Ukrainian society, but particularly in its patterns of migration. In this book, Dr Hab. Y. Bilan analyses external migration from Ukraine using a system analysis approach combining econometric analysis and statistical modelling, historiographical and institutional analysis, and quantitative and qualitative sociological analysis with special attention to media discourse and congregational, demographic, gender and regional dimensions.The author's analysis builds on statistical data and a range of studies in English, Ukrainian, Russian and Polish, presenting the Ukrainian case as applicable to other border societies and beyond. | ||
| 588 | 0 | _aDescription based on print version record. | |
| 590 | _aKU Select 2016 Front List Collection | ||
| 650 | 7 |
_aSocial Science / Sociology _2bisacsh |
|
| 650 | 0 | _aSocial sciences | |
| 655 | 0 | _aElectronic books. | |
| 758 |
_iIs found in: _aKnowledge Unlatched _1https://openresearchlibrary.org/module/2774bc74-146a-484f-a7ba-ab1d6a09bbfb |
||
| 856 | 4 | 0 |
_uhttps://openresearchlibrary.org/content/826bbf8f-9f97-4ce4-ae06-f924beef3b9f _zView this content on Open Research Library. _70 |
| 999 |
_c34141 _d34141 |
||